000 00654nam a2200289Ia 4500
008 210210b2007 xxu||||| |||| 00| 0 eng d
020 _a1741149142
041 _aeng
082 _a327.73 CHOF
100 _aCHOMSKY (Noam)
245 _aFailed states: the abuse of power and the assault on democracy
260 _aAustralia
_b-
_c2007
300 _a319
650 _athe
650 _astates:
650 _astates
650 _apower
650 _aon
650 _aof
650 _aFailed
650 _ademocracy
650 _aassault
650 _aand
650 _aabuse
690 _aInternational Relations
906 _a064440
999 _c140623
_d140623